Statistiques concernant Quiz sur la carte des villes

Cliquez ici pour prendre le quiz!

Statistiques générales

  • Ce quiz a été pris 616 fois
  • Le résultat moyen est 19 sur 28

Réponses sur la Carte

Les réponses sont colorées sur une échelle allant du rouge au vert en fonction du pourcentage des utilisateurs qui les ont devinées à leur premier essai. Vous pouvez retrouver ces pourcentages ci-dessous.
 

Statistiques - réponses

Réponse% Correct
Séoul
92%
Pyongyang
91%
Tokyo
88%
Oulan-Bator
81%
Pékin
81%
Bangkok
79%
Osaka
79%
Taipei
79%
Jakarta
78%
Manille
78%
Vladivostok
78%
Singapour
77%
Shanghai
75%
Katmandou
73%
Delhi
72%
Kuala Lumpur
71%
Hong Kong
70%
Dacca
67%
Ho Chi Minh-Ville
66%
Mumbai
66%
Colombo
61%
Hanoï
60%
Sapporo
56%
Chengdu
53%
Bangalore
43%
Kolkata
40%
Lhassa
38%
Yangon
37%

Distribution des résultats

Percentile par nombre de réponses

% des personnes avec chaque résultat

Votre développement - résultats

Vous n’avez pas pris ce quiz